000 00350nam a2200157Ia 4500
100 _aGnadig/Peter/ Honyek/G
650 _aPhysics
942 _cBK
366 _f20
245 _a200 puzzling physics problems
260 _bCambridge University Press
_c2001
082 _a530
_bGNA
300 _a257
546 _aENGLISH
_cComputers
999 _c32056
_d32056